LIBRARY & INFORMATION CENTRE, KCAET, TAVANUR

ONLINE PUBLIC ACCESS CATALOGUE (OPAC)

my friend rose / (Record no. 11366)

MARC details
000 -LEADER
fixed length control field 00394cam a2200169ua 4500
041 ## - LANGUAGE CODE
Language code of text/sound track or separate title eng
082 ## - DEWEY DECIMAL CLASSIFICATION NUMBER
Classification number 823.308
Item number DUN/My
100 ## - MAIN ENTRY--AUTHOR NAME
Personal name Duncan, Jane .
245 ## - TITLE STATEMENT
Title my friend rose /
260 ## - PUBLICATION, DISTRIBUTION, ETC. (IMPRINT)
Place of publication Newyork :
Name of publisher London macmillan ,
Year of publication 1964.
300 ## - PHYSICAL DESCRIPTION
Number of Pages 230 ; .
942 ## - ADDED ENTRY ELEMENTS (KOHA)
Koha item type Books
Holdings
Withdrawn status Lost status Damaged status Home library Current library Date acquired Cost, normal purchase price Full call number Accession Number Koha item type Public note
Withdrawn     KAUAET Malayalam University 07/04/2012 21.00 823.308 6946 Books Transferred to Malayalam University
free website counter